| 000 | 00413nam a2200181Ia 4500 | ||
|---|---|---|---|
| 008 | 210210b1939 xxu||||| |||| 00| 0 eng d | ||
| 041 | _aeng | ||
| 082 | _a515/51 | ||
| 100 | _aDURELL (C V) | ||
| 245 | _aNew geometry for schools | ||
| 260 |
_aLondon _bG Bell and Sons Limited _c1939 |
||
| 650 | _aschools | ||
| 650 | _aNew | ||
| 650 | _ageometry | ||
| 650 | _afor | ||
| 690 | _aGeometry | ||
| 906 | _a007616 | ||
| 999 |
_c140155 _d140155 |
||